| Tag |
First Indicator |
Second Indicator |
Subfields |
| LEADER |
00000cam a2200000 4500 |
| 001 |
in00000024420 |
| 005 |
20151007062345.0 |
| 008 |
770317s1905 nyua 00010 engm |
| 010 |
|
|
|a 05014992
|
| 035 |
|
|
|a (OCoLC)02809836
|
| 035 |
|
|
|9 AAD4656AM
|
| 040 |
|
|
|a DLC
|c NRC
|d NRC
|d TXA
|d UtOrBLW
|
| 049 |
|
|
|a TXAM
|c [53648]
|
| 050 |
0 |
0 |
|a NA2700
|b .E43
|
| 092 |
|
|
|a 744
|b E24a
|
| 100 |
1 |
|
|a Edminster, Clothier Franklin.
|
| 245 |
1 |
0 |
|a Architectural drawing /
|c by C. Franklin Edminster ...
|
| 250 |
|
|
|a 3d ed., enl.
|
| 264 |
|
1 |
|a [Brooklyn] :
|b The author,
|c [1905]
|
| 264 |
|
4 |
|c [©1905]
|
| 300 |
|
|
|a 242 pages, 1 :
|b illustrations, diagrams ;
|c 19 x 24 cm.
|
| 336 |
|
|
|a text
|b txt
|2 rdacontent
|
| 337 |
|
|
|a unmediated
|b n
|2 rdamedia
|
| 338 |
|
|
|a volume
|b nc
|2 rdacarrier
|
| 650 |
|
0 |
|a Architectural drawing.
|
| 999 |
|
|
|a MARS
|
| 999 |
f |
f |
|s db361126-ce02-30b1-90e0-9f0c188d5c98
|i b987d516-1a07-3795-8377-368e350a6163
|t 0
|
| 952 |
f |
f |
|p ric
|a Texas A&M University
|b Rellis Campus
|c Joint Library Facility
|d Remote Storage
|t 0
|e NA2700 .E43
|h Library of Congress classification
|i unmediated -- volume
|m A14801149707
|
| 998 |
f |
f |
|a NA2700 .E43
|t 0
|l Remote Storage
|